Diversity and rights in care / (Record no. 4759)
[ view plain ]
| 000 -LEADER | |
|---|---|
| fixed length control field | 00636nam a22002177a 4500 |
| 003 - CONTROL NUMBER IDENTIFIER | |
| control field | OSt |
| 005 - DATE AND TIME OF LATEST TRANSACTION | |
| control field | 20160715161316.0 |
| 008 - FIXED-LENGTH DATA ELEMENTS--GENERAL INFORMATION | |
| fixed length control field | 160715b xxu||||| |||| 00| 0 eng d |
| 020 ## - INTERNATIONAL STANDARD BOOK NUMBER | |
| International Standard Book Number | 0435401262 |
| 040 ## - CATALOGING SOURCE | |
| Transcribing agency | 040a |
| 082 ## - DEWEY DECIMAL CLASSIFICATION NUMBER | |
| Classification number | WA 322 |
| Item number | M779d 2004 |
| 100 ## - MAIN ENTRY--PERSONAL NAME | |
| Personal name | Moonie, Neil |
| 9 (RLIN) | 2088 |
| 245 ## - TITLE STATEMENT | |
| Title | Diversity and rights in care / |
| Statement of responsibility, etc. | Neil Moonie, Anne Bates, Dee Spender-Perkins |
| 260 ## - PUBLICATION, DISTRIBUTION, ETC. (IMPRINT) | |
| Place of publication, distribution, etc. | Oxford |
| Name of publisher, distributor, etc. | Heinemann Educational Publishers |
| Date of publication, distribution, etc. | 2004 |
| 300 ## - PHYSICAL DESCRIPTION | |
| Extent | viii, 246p; |
| Dimensions | 30 cm. |
| 504 ## - BIBLIOGRAPHY, ETC. NOTE | |
| Bibliography, etc | Includes index |
| 650 ## - SUBJECT ADDED ENTRY--TOPICAL TERM | |
| Topical term or geographic name as entry element | Rights in care |
| 9 (RLIN) | 10244 |
| 700 ## - ADDED ENTRY--PERSONAL NAME | |
| Personal name | Bates, Anne |
| 9 (RLIN) | 10245 |
| 700 ## - ADDED ENTRY--PERSONAL NAME | |
| Personal name | Spender-Perkins, Dee |
| 9 (RLIN) | 10246 |
| 942 ## - ADDED ENTRY ELEMENTS (KOHA) | |
| Source of classification or shelving scheme | Other/Generic Classification Scheme |
| Koha item type | Open Shelf |
| Withdrawn status | Lost status | Source of classification or shelving scheme | Damaged status | Not for loan | Home library | Current library | Date acquired | Source of acquisition | Inventory number | Total Checkouts | Full call number | Barcode | Date last seen | Price effective from | Koha item type |
|---|---|---|---|---|---|---|---|---|---|---|---|---|---|---|---|
| Other/Generic Classification Scheme | MUST Main Library | MUST Main Library | 15/07/2016 | 2006/27440 | WA 322 M779d 2004 | 2016-3200 | 15/07/2016 | 15/07/2016 | Open Shelf |
